000
00245nam a22000977a 4500
008
231205b |||||||| |||| 00| 0 eng d
020
_a
9789355559234
100
_a
MTG
_9
7733
245
_a
MTG CHEMISTRY JEE MAIN & ADVANCED
260
_a
New Delhi
_b
MTG
999
_c
12484
_d
12484